Η Εικονα και το Βλεμμα / Δοκίμια Βασισμένα στην ομώνυμη τηλεοπτική σειρά του BBC με τον John Berger (Record no. 4276)
[ view plain ]
| 000 -LEADER | |
|---|---|
| fixed length control field | 01506cam a22001934a 4500 |
| 005 - ΗΜΕΡΟΜΗΝΙΑ ΚΑΙ ΩΡΑ ΤΕΛΕΥΤΑΙΑΣ ΕΝΗΜΕΡΩΣΗΣ | |
| Πεδίο ελέγχου | 20250605164141.0 |
| 008 - FIXED-LENGTH DATA ELEMENTS--GENERAL INFORMATION | |
| Πεδίο ελέγχου σταθερού μήκους | 250528s ||||||||||||||||||||||||d |
| 035 ## - SYSTEM CONTROL NUMBER | |
| System control number | 18984 |
| 020 ## - ISBN | |
| ISBN | 960210158 |
| 040 ## - ΠΗΓΗ ΚΑΤΑΛΟΓΟΓΡΑΦΗΣΗΣ | |
| Φορέας πρωτότυπης καταλογογράφησης | MC Athens Campus Library |
| Γλώσσα καταλογογράφησης | Ελληνικά, Μοντέρνα (1453-) |
| Modifying agency | MC Athens Campus Library |
| Κανόνες περιγραφικής καταλογογράφησης | AACR2 |
| 245 1# - ΤΙΤΛΟΣ ΚΑΙ ΔΗΛΩΣΗ ΥΠΕΥΘΥΝΟΤΗΤΑΣ | |
| Τίτλος | Η Εικονα και το Βλεμμα / Δοκίμια Βασισμένα στην ομώνυμη τηλεοπτική σειρά του BBC με τον John Berger |
| 260 ## - PUBLICATION, DISTRIBUTION, ETC. | |
| Name of publisher, distributor, etc. | Οδυσσέας, |
| Date of publication, distribution, etc. | 1993 |
| 300 ## - PHYSICAL DESCRIPTION | |
| Extent | 168 |
| 520 ## - SUMMARY, ETC. | |
| Summary, etc. | Η Όραση έρχεται πριν από τις λέξεις. Το παιδί κοιτάζει και αναγνωρίζει πριν μπορέσει να μιλήσει. Αλλα υπάρχει επίσης και μια άλλη έννοια με την οποία η όραση έρχεται πριν από τις λέξεις. Είναι η όραση που εγκαθιδρύει τη θέση μας στον περιβάλλοντα κόσμο. Εξηγούμε αυτό τον κόσμο με λέξεις, αλλά οι λέξεις δεν μπορούν ποτέ να ανατρέψουν το γεγονός ότι περιβαλλόμαστε από αυτόν. Η σχέση ανάμεσα σ'αυτό που βλέπουμε και σ'αυτό που γνωρίζουμε δεν είναι ποτέ ξεκαθαρισμένη. Κάθε βράδυ βλέπουμε τον ήλιο να δύει. |
| 700 1# - ΠΡΟΣΘΕΤΗ ΑΝΑΓΡΑΦΗ--ΦΥΣΙΚΟ ΠΡΟΣΩΠΟ | |
| Personal name | Berger John |
| 9 (RLIN) | 4877 |
| 942 ## - ADDED ENTRY ELEMENTS (KOHA) | |
| Koha item type | Books |
| Τύπος τεκμηρίου | Βιβλιοθήκη | Τρέχουσα τοποθεσία | Barcode | Αριθμός εισαγωγής | Ημερομηνία απόκτησης | Ταξιθετικό σύμβολο | Αριθμός αντιτύπου | Κατάσταση απόσυρσης | Κατάσταση χαμένου | Κατάσταση κατεστραμμένου | Μη δανεισμός | Σύνολο δανεισμών | Ημερομηνία τελευταίας εμφάνισης | Η τιμή ισχύει από |
|---|---|---|---|---|---|---|---|---|---|---|---|---|---|---|
| Books | MC Athens Campus Library | MC Athens Campus Library | 9780000042750 | 3916 | 05/06/2025 | 701.8 BER | 1 | 05/06/2025 | 05/06/2025 |